| 000 | 00627aam a2200253 4500 | ||
|---|---|---|---|
| 005 | 20250819194406.0 | ||
| 008 | 150324b2014 xxu||||| |||| 00| 0 spa d | ||
| 020 | _a978607171464 | ||
| 041 | _aESP | ||
| 082 | _a346.013 B866a | ||
| 100 | _aBrogna, Patricia | ||
| 245 | _aAdultez, trabajo y discapacidad: el trabajo es crecer | ||
| 260 | _aMéxico | ||
| 260 | _bTrillas | ||
| 260 | _c2014 | ||
| 300 | _a120 páginas | ||
| 490 | _aInvestigación Criminal | ||
| 650 | _aDISCAPACIDAD | ||
| 650 | _aADULTOS | ||
| 650 | _aGERIATRIA | ||
| 650 | _aDERECHO AL TRABAJO | ||
| 650 | _aCONTEXTO LABORAL | ||
| 942 |
_cBK _2ddc |
||
| 999 |
_c4119 _d4119 |
||